potential and constaints in integration of green manure into system of rice intensification ( case study in tramkak district, takeo province) (សក្តានុពល និង​ កត្តារារាំងក្នុងការបញ្ជូលដំណាំជីស្រស់នៅក្នុងប្រព័ន្ធប្រពលវប្បកម្មស្រូវ (ករណីសិក្សាស្រុកត្រាំកក់ ខេត្តតាកែវ) ) (Record no. 838)

000 -LEADER
fixed length control field 00856nam a22001577a 4500
003 - CONTROL NUMBER IDENTIFIER
control field OSt
005 - DATE AND TIME OF LATEST TRANSACTION
control field 20150919143043.0
008 - FIXED-LENGTH DATA ELEMENTS--GENERAL INFORMATION
fixed length control field 150919b xxu||||| |||| 00| 0 eng d
040 ## - CATALOGING SOURCE
Transcribing agency RUA
082 ## - DEWEY DECIMAL CLASSIFICATION NUMBER
Classification number AGR LEK 2004 B030 Or.1
100 ## - MAIN ENTRY--PERSONAL NAME
9 (RLIN) 870
Personal name LEK, KOSAL.
245 ## - TITLE STATEMENT
Title potential and constaints in integration of green manure into system of rice intensification ( case study in tramkak district, takeo province) (សក្តានុពល និង​ កត្តារារាំងក្នុងការបញ្ជូលដំណាំជីស្រស់នៅក្នុងប្រព័ន្ធប្រពលវប្បកម្មស្រូវ (ករណីសិក្សាស្រុកត្រាំកក់ ខេត្តតាកែវ) )
260 ## - PUBLICATION, DISTRIBUTION, ETC. (IMPRINT)
Place of publication, distribution, etc. Phnom Penh
Name of publisher, distributor, etc. RUA
Date of publication, distribution, etc. 2004
300 ## - PHYSICAL DESCRIPTION
Extent 43p.
Other physical details ill.
Dimensions 29cm.
942 ## - ADDED ENTRY ELEMENTS (KOHA)
Source of classification or shelving scheme
Koha item type AGR
Holdings
Price effective from Date last seen Permanent Location Not for loan Date acquired Source of classification or shelving scheme Koha item type Lost status Withdrawn status Date last checked out Total Checkouts Shelving location Damaged status Barcode Current Location Full call number
2015-09-192015-09-19Library Block B 2015-09-19 AGR    B030 RUA001599Library Block BAGR LEK 2004 B030 Or.1
2016-01-262017-02-01Library Block B 2016-01-26 AGR  2017-01-131  RUA030206Library Block BAGR LEK 2004 B030 Or.2
មជ្ឈមណ្ឌលឯការនៃសាកលវិទ្យាល័យភូមិន្ទកសិកម្មចំការដូង

Powered by Koha